000 00723nas a2200241 4500
001 BR7306244
003 BR-BrBNA
005 20231205082606.0
007 ta
008 230509b bl.|||p| |||| 00| 00por d
040 _aBR-BrBNA
_bpor
_cBiblioteca Nacional de Agricultura
041 _a(Pt)
072 _aE70
100 1 _aAnon.
245 1 _aIndice geral de precos pagos e recebidos pela agricultura mineira [Brasil]
650 _aCOMERCIALIZACAO
650 _aPRECO PAGO
650 _aPRECO RECEBIDO
650 _aMINAS GERAIS
773 0 _tInforme Agropecuario. Conjuntura e Estatistica (Brazil)
_x
_g(Nov 1976), v. 2(11) p. 39-41
_wBR7306244
909 _a202311
_bLúcia
_c55
_dLúcia Elande
942 _2AGRIS
_n0
_cANA
999 _c93063
_d93063